000 00311nam a22001337a 4500
008 170713b xxu||||| |||| 00| 0 eng d
020 _a0877795088
041 _aeng
080 _a038
100 _a23
101 _aFJA
245 _aWEBSTERD NINTH NEW COLLEGIATE DICTIONARY
_cMISH.F.C
942 _2udc
_cBK
999 _c20408
_d20408